Η Τέχνη της Καθαρής Σκέψης / 52 Λάθος Τρόποι Ζωής που θα ήταν Καλύτερα να Αφήσετε για Άλλους...: Δέκατη Έκδοση (Record no. 3260)
[ view plain ]
| 000 -LEADER | |
|---|---|
| fixed length control field | 02703cam a22002054a 4500 |
| 005 - ΗΜΕΡΟΜΗΝΙΑ ΚΑΙ ΩΡΑ ΤΕΛΕΥΤΑΙΑΣ ΕΝΗΜΕΡΩΣΗΣ | |
| Πεδίο ελέγχου | 20250605164110.0 |
| 008 - FIXED-LENGTH DATA ELEMENTS--GENERAL INFORMATION | |
| Πεδίο ελέγχου σταθερού μήκους | 250528s ||||||||||||||||||||||||d |
| 035 ## - SYSTEM CONTROL NUMBER | |
| System control number | 17860 |
| 020 ## - ISBN | |
| ISBN | 9789601649726 |
| 040 ## - ΠΗΓΗ ΚΑΤΑΛΟΓΟΓΡΑΦΗΣΗΣ | |
| Φορέας πρωτότυπης καταλογογράφησης | MC Athens Campus Library |
| Γλώσσα καταλογογράφησης | Ελληνικά, Μοντέρνα (1453-) |
| Modifying agency | MC Athens Campus Library |
| Κανόνες περιγραφικής καταλογογράφησης | AACR2 |
| 245 1# - ΤΙΤΛΟΣ ΚΑΙ ΔΗΛΩΣΗ ΥΠΕΥΘΥΝΟΤΗΤΑΣ | |
| Τίτλος | Η Τέχνη της Καθαρής Σκέψης / 52 Λάθος Τρόποι Ζωής που θα ήταν Καλύτερα να Αφήσετε για Άλλους...: Δέκατη Έκδοση |
| 250 ## - EDITION STATEMENT | |
| Edition statement | 10η |
| 260 ## - PUBLICATION, DISTRIBUTION, ETC. | |
| Name of publisher, distributor, etc. | Πατάκη, |
| Date of publication, distribution, etc. | 2016 |
| 300 ## - PHYSICAL DESCRIPTION | |
| Extent | 382 |
| 520 ## - SUMMARY, ETC. | |
| Summary, etc. | Αν θέλετε να μάθετε πώς οι γνωστικές πλάνες σας απομακρύνουν από μια καλύτερη ζωή, θα πρέπει να διαβάσετε το παρόν βιβλίο για την ανθρώπινη ανορθολογικότητα. Πρόλογος, Η Πλάνη του Επιζώντος, Η Ψευδαίσθηση του Σώματος του Κολυμβητή, Η Υπερβολική Αυτοπεποίθηση, Η Κοινωνική Απόδειξη, Το Σόφισμα του Ανεπανόρθωτου Κόστους, Η Αμοιβαιότητα, Η Πλάνη της Επιβεβαίωσης, Η Πλάνη του Κύρους, Η Επίδραση της Αντίθεσης, Η Πλάνη της Διαθεσιμότητας, Η Παγίδα της Άποψης ''Η Επιδείνωση Προηγείται της Βελτίωσης'', Η Πλάνη της Ιστορίας, Η Αναδρομική Πλάνη, Η Γνώση του Σοφέρ, Η Ψευδαίσθηση του Ελέγχου, Η Ευαισθησία στις Προτροπές και στα Κίνητρα, Η Επιστροφή στον Μέσο Όρο, Η Τραγωδία των Κοινών Πόρων, Η Πλάνη του Αποτελέσματος, Το Πάράδοξο της Επιλογής, Η Πλάνη της Συμπάθειας, Το Συναίσθημα της Κτητικότητας, Το Θαύμα, Η Ομαδική Σκέψη, Η Παράβλεψη των Πιθανοτήτων, Η Πλάνη του Μηδενικού Ρίσκου, Η Πλάνη της Σπανιότητας, Η Παραμέληση της Βασικής Συχνότητας, Το Σόφισμα του Παίκτη, Η Πλάνη του Σημείου Εκκίνησης, Η Επαγωγική Πλάνη, Η Κοινωνική Τεμπελιά, Το Φαινόμενο της Άλω, Η Πλάνη της Εστίασης, Η Πλάνη της Αμέλειας, Η Τύχη του Πρωτάρη, Επίλογος. |
| 700 1# - ΠΡΟΣΘΕΤΗ ΑΝΑΓΡΑΦΗ--ΦΥΣΙΚΟ ΠΡΟΣΩΠΟ | |
| Personal name | Ντομπέλλι Ρόλφ |
| 9 (RLIN) | 4144 |
| 942 ## - ADDED ENTRY ELEMENTS (KOHA) | |
| Koha item type | Books |
| Τύπος τεκμηρίου | Βιβλιοθήκη | Τρέχουσα τοποθεσία | Barcode | Αριθμός εισαγωγής | Ημερομηνία απόκτησης | Ταξιθετικό σύμβολο | Αριθμός αντιτύπου | Κατάσταση απόσυρσης | Κατάσταση χαμένου | Κατάσταση κατεστραμμένου | Μη δανεισμός | Σύνολο δανεισμών | Ημερομηνία τελευταίας εμφάνισης | Η τιμή ισχύει από |
|---|---|---|---|---|---|---|---|---|---|---|---|---|---|---|
| Books | MC Athens Campus Library | MC Athens Campus Library | 9780000032591 | 7327 | 05/06/2025 | 100 DOB | 1 | 05/06/2025 | 05/06/2025 |